US-Staaten, die größer sind als Rumänien - Sudden Death - Statistiken

Allgemein
  • Dieses Quiz wurde 110 mal gespielt
  • Das Durchschnittsergebnis liegt bei 4 aus 11
Answers on the Grid
Answers color-coded by a green-red scale on the quiz's grid according to % correct below.
Alaska
Texas
Kalifornien
Montana
New Mexico
Arizona
Nevada
Colorado
Oregon
Wyoming
Michigan
Minnesota
Utah
Idaho
Kansas
Nebraska
South Dakota
Washington
North Dakota
Oklahoma
Missouri
Florida
Wisconsin
Georgia
Indiana
Pennsylvania
Louisiana
Haiwaii
New York
Ohio
 
Antwortstatistiken
Antwort % Korrekt
Alaska
70%
Texas
68%
Kalifornien
62%
New Mexico
47%
Montana
38%
Arizona
26%
Nevada
26%
Colorado
21%
Wyoming
15%
Michigan
8%
Oregon
8%
Keine übereinstimmenden Quizze gefunden
Verteilung der Resultate
Anzahl Personen mit jedem Resultat
Perzentil nach korrekt beantworteten Fragen
Ihre Resultats-Entwicklung
Sie haben dieses Quiz noch nicht gespielt